| 000 | 00842nam a22002417a 4500 | ||
|---|---|---|---|
| 003 | OSt | ||
| 005 | 20251007034117.0 | ||
| 008 | 251007b |||||||| |||| 00| 0 eng d | ||
| 020 | _a9781138311862 | ||
| 040 |
_aDWCL-Main lib _cOC |
||
| 082 |
_2fourth edition _aCirc. 428.407 E76 2020 |
||
| 100 | _aLee, Gunderson | ||
| 245 |
_aESL( ELL) Literacy instruction : _b a guide to theory and practice/ _cLee Gunderson |
||
| 250 | _a fourth edition | ||
| 260 |
_aN.Y : _bRoutledge, _c c2020. |
||
| 300 |
_axv, 285 pages : _b illustrations ; _c23cm. |
||
| 504 | _aIncludes bibliographical references | ||
| 650 | _a1. LCSH: English language - study and teaching foreign speakers | ||
| 650 | _a2. Literacy programs | ||
| 700 | _aReginald Arthur D'selva | ||
| 700 | _aDennis Murphy Odo | ||
| 942 |
_2ddc _cBK-CIRC _efourth edition _kCirc. _n0 |
||
| 999 |
_c4677 _d4677 |
||